Pastoral care of alcohol abusers / (Record no. 61841)
[ view plain ]
| 000 -LEADER | |
|---|---|
| fixed length control field | 01561cam a2200313 a 4500 |
| 001 - CONTROL NUMBER | |
| control field | 15783810 |
| 003 - CONTROL NUMBER IDENTIFIER | |
| control field | OSt |
| 005 - DATE AND TIME OF LATEST TRANSACTION | |
| control field | 20241025143424.0 |
| 008 - FIXED-LENGTH DATA ELEMENTS--GENERAL INFORMATION | |
| fixed length control field | 090622s2009 mnu b 000 0 eng |
| 010 ## - LIBRARY OF CONGRESS CONTROL NUMBER | |
| LC control number | 2009025328 |
| 020 ## - INTERNATIONAL STANDARD BOOK NUMBER | |
| International Standard Book Number | 9780800662615 (alk. paper) |
| 035 ## - SYSTEM CONTROL NUMBER | |
| System control number | (OCoLC)ocn297149651 |
| 040 ## - CATALOGING SOURCE | |
| Original cataloging agency | DLC |
| Transcribing agency | DLC |
| Modifying agency | YDX |
| -- | BTCTA |
| -- | YDXCP |
| -- | UKM |
| -- | CDX |
| -- | SOR |
| -- | IDI |
| -- | BWX |
| -- | DLC |
| 050 00 - LIBRARY OF CONGRESS CALL NUMBER | |
| Classification number | BV4460.5 |
| Item number | .K64 2009 |
| 100 1# - MAIN ENTRY--PERSONAL NAME | |
| Personal name | Weaver, Andrew J., |
| Dates associated with a name | 1947- |
| 9 (RLIN) | 31827 |
| 245 10 - TITLE STATEMENT | |
| Title | Pastoral care of alcohol abusers / |
| Statement of responsibility, etc | Andrew J. Weaver and Harold G. Koenig. |
| 260 ## - PUBLICATION, DISTRIBUTION, ETC. (IMPRINT) | |
| Place of publication, distribution, etc | Minneapolis, MN : |
| Name of publisher, distributor, etc | Fortress Press, |
| Date of publication, distribution, etc | c2009. |
| 300 ## - PHYSICAL DESCRIPTION | |
| Extent | xv, 77 p. ; |
| Dimensions | 22 cm. |
| 490 1# - SERIES STATEMENT | |
| Series statement | Creative pastoral care and counseling series |
| 504 ## - BIBLIOGRAPHY, ETC. NOTE | |
| Bibliography, etc | Includes bibliographical references. |
| 505 00 - FORMATTED CONTENTS NOTE | |
| Miscellaneous information | Editor's foreword / |
| Statement of responsibility | Howard W. Stone -- |
| Title | In memoriam / |
| Statement of responsibility | Andrew J. Weaver -- |
| Miscellaneous information | Introduction -- |
| Title | Case study #1: the depressed teen -- |
| -- | Case study #2: the alcoholic gambler -- |
| -- | Case study #3: the traumatized veteran -- |
| -- | Case study #4: the grieving older woman -- |
| -- | Case study #5: the retired drinker -- |
| -- | Twelve-step programs -- |
| -- | Making an effective referral -- |
| Miscellaneous information | Resources. |
| 650 #0 - SUBJECT ADDED ENTRY--TOPICAL TERM | |
| Topical term or geographic name as entry element | Church work with alcoholics. |
| 9 (RLIN) | 37787 |
| 650 #0 - SUBJECT ADDED ENTRY--TOPICAL TERM | |
| Topical term or geographic name as entry element | Pastoral counseling. |
| 9 (RLIN) | 37788 |
| 700 1# - ADDED ENTRY--PERSONAL NAME | |
| Personal name | Koenig, Harold G. |
| Fuller form of name | (Harold George), |
| Dates associated with a name | 1951- |
| 9 (RLIN) | 31823 |
| 830 #0 - SERIES ADDED ENTRY--UNIFORM TITLE | |
| Uniform title | Creative pastoral care and counseling series. |
| 9 (RLIN) | 30215 |
| 906 ## - LOCAL DATA ELEMENT F, LDF (RLIN) | |
| a | 7 |
| b | cbc |
| c | orignew |
| d | 1 |
| e | ecip |
| f | 20 |
| g | y-gencatlg |
| 942 ## - ADDED ENTRY ELEMENTS (KOHA) | |
| Source of classification or shelving scheme | Library of Congress Classification |
| Koha item type | Books |
| Koha issues (borrowed), all copies | 3 |
| Withdrawn status | Lost status | Source of classification or shelving scheme | Damaged status | Not for loan | Collection code | Home library | Current library | Shelving location | Date acquired | Source of acquisition | Cost, normal purchase price | Total Checkouts | Total Renewals | Full call number | Barcode | Date last seen | Date checked out | Copy number | Price effective from | Koha item type |
|---|---|---|---|---|---|---|---|---|---|---|---|---|---|---|---|---|---|---|---|---|
| Library of Congress Classification | General Circulation | AIU/NEGST - Tony Wilmot Memorial Library | AIU/NEGST - Tony Wilmot Memorial Library | General Stacks | 08/07/2024 | Purchase (Replacement)- Corporate Campus Ltd. | 31.00 | 3 | 1 | BV 4460.5.K64 2009 | T17183W3232 | 05/30/2017 | 03/07/2017 | 1 | 08/07/2024 | Books |
